书目信息 |
| 题名: |
中国绿色低碳发展的逻辑
|
|
| 作者: | 刘学敏 著 | |
| 分册: | ||
| 出版信息: | 北京 经济科学出版社 2016 |
|
| 页数: | 338页 | |
| 开本: | 24cm | |
| 丛书名: | ||
| 单 册: | ||
| 中图分类: | F124.5 | |
| 科图分类: | ||
| 主题词: | 绿色经济--lv se jing ji--经济发展--研究--中国 | |
| 电子资源: | ||
| ISBN: | 978-7-5141-6601-9 | |
| 000 | 00915nam0 22002411 450 | |
| 001 | 1731227900 | |
| 005 | 20170602161201.0 | |
| 010 | @a978-7-5141-6601-9@dCNY65.00 | |
| 100 | @a20160504d2016 em y0chiy50 ea | |
| 101 | 0 | @achi |
| 102 | @aCN@b110000 | |
| 105 | @aak z 000yy | |
| 106 | @ar | |
| 200 | 1 | @a中国绿色低碳发展的逻辑@Azhong guo lv se di tan fa zhan de luo ji@f刘学敏著 |
| 210 | @a北京@c经济科学出版社@d2016 | |
| 215 | @a338页@c图@d24cm | |
| 300 | @a国家“十二五”科技支撑计划重点项目(No:2011BAJ07B07) “城镇碳排放清单编制方法与决策支持系统研究”、开发与示范资助 | |
| 330 | @a本书包括:中小城市工业碳排放:核算方法与影响因素,低碳旅游研究进展及未来展望,中国城市公共自行车系统:现状、问题和对策。 | |
| 606 | 0 | @a绿色经济@Alv se jing ji@x经济发展@x研究@y中国 |
| 690 | @aF124.5@v5 | |
| 701 | 0 | @a刘学敏@Aliu xue min@4著 |
| 801 | 0 | @aCN@bTANG WEI@c20170527 |
| 905 | @b0970338-42@dF124.5@e290@f5 | |
| 中国绿色低碳发展的逻辑/刘学敏著.-北京:经济科学出版社,2016 |
| 338页:图;24cm |
| 国家“十二五”科技支撑计划重点项目(No:2011BAJ07B07) “城镇碳排放清单编制方法与决策支持系统研究”、开发与示范资助 |
| ISBN 978-7-5141-6601-9:CNY65.00 |
| 本书包括:中小城市工业碳排放:核算方法与影响因素,低碳旅游研究进展及未来展望,中国城市公共自行车系统:现状、问题和对策。 |
| ● |
| 相关链接 |
|
|
|
|
正题名:中国绿色低碳发展的逻辑
索取号:F124.5/290
 
预约/预借
| 序号 | 登录号 | 条形码 | 馆藏地/架位号 | 状态 | 备注 |
| 1 | 0970338 | 209703383 | 第一样本阅览室/ [索取号:F124.5/290] | 在馆 | |
| 2 | 0970339 | 209703392 | 密集书库-海洋学院/ [索取号:F124.5/290] | 在馆 | |
| 3 | 0970340 | 209703409 | 第一借阅区/ [索取号:F124.5/290] | 在馆 | |
| 4 | 0970341 | 209703418 | 第一借阅区/ [索取号:F124.5/290] | 在馆 | |
| 5 | 0970342 | 209703427 | 第一借阅区/ [索取号:F124.5/290] | 在馆 |